000 00441nam a2200169Ia 4500
005 20250508154316.0
008 008 250505s9999 xx 000 0 hin d
037 _aReference
040 _aFEDL
_beng
_cFEDL
041 _ahin
_2eng
084 _a371.2, MAC
_qFEDL
100 _aMaleya K C
_9765290
245 0 _aShiksha sangathan awam prasashan
300 _a195p.
942 _cREF
_h371.2, MAC
999 _c1349502
_d1349502